00675nam a22001937a 450000500170000001000150001702000180003203500140005003700090006408200140007310000200008724500900010725000060019726000570020327001030026030000230036349000450038670000500043120250326143433.0 aENG-144282 a9788193878583 aEN-127814 bDBAD a954.5625 aPereira, Melvil aPlural Voices, Varied Perceptions;cMelvil Pereira....[et al.]bThe Reangs of Tripura a5 aGuwahatibNorth Eastern social Research Centrec2019 aJagriti (2nd floor) Arunodoi Path, GMCH Road Christian BastibGuwahatie781005mnesrcghy@gmail.com a250p. c21cm (pb)  aWomen and Tribal Customary Law Seriesv5 aJyotikona Chetia, Lincoln Reang, Romita Reang